01123nab a22001937a 4500999001500000003000400015005001700019008004100036040000700077100003400084245012700118260007200245300001200317505035000329505008900679650002300768773012500791942001300916 c6080d6080OSt20260121185224.0190502c xxu||||| |||| 00| 0 spa d cPJ 96857aPintos de Tezanos, Lola10aDelitos previstos en la ley 23.737 : bexclusión de la punibilidad y disminución de la pena /cLola de Tezanos Pintos. aCiudad Autónoma de Buenos Aires :bThomson Reuters La Ley,c2024. ap. 3-16 aSumario: I. Valoración de circunstancias relativas al injusto penal.— II. Valoración de circunstancias relativas a la culpabilidad.— III. Valoración de circunstancias relativas a los fines de la pena: aplicación de una pena por debajo del mínimo legal.— IV. Soluciones alternativas al juicio: suspensión del proceso a prueba.  t¿Te interesa el texto completo? Solicitalo al correo: koha@justierradelfuego.gov.ar 09343aDERECHO PENAL0 0272993180dBuenos Aires : LexisNexis, 2006-tRevista de derecho penal y procesal penal. Nº 6 - Junio 2024z9875920622 2udccANA